000 01632nam1a2200301 i 4500
001 RU\NLR\BIBL_A\010986576
005 20241103082323.0
035 _a(NLR Aleph) 010986576
090 _a10905497
_c10905497
100 _a20151210g20149999e y0rusy50 ca
101 0 _arus
102 _aRU
105 _a||||j||||||||
200 1 _aЧитаем вместе
_iРусская литература XX века
_eучебное пособие для учащихся 11 классов гуманитарных классов
_fО.В. Сизых, С.Ф. Желобцова
_gМ-во образования и науки Рос. Федерации, Сев.-Вост. федер. ун-т им. М.К. Аммосова
210 _aЯкутск
_cИздательский дом Северо-Восточного федерального университета
_d2014
215 _d21
606 _aРусская литература
_jУчебные издания для средней школы
_z20 в.
_9894612
_3RU\NLR\AUTH\663956
606 1 _aРусская советская литература
_jУчебные издания для средней школы
_9888281
_3RU\NLR\AUTH\66496
686 1 _aШ5(2=Р)53я721-1
686 2 _aШ5(2=Р)7я721-1
700 1 _aСизых
_bО. В.
_gОксана Васильевна
701 1 _aЖелобцова
_bС. Ф.
_gСветлана Федотовна
852 _aNLR
_j2015-3/40312
942 _cBOOK
980 _aNBR